000 00886nam a22002057a 4500
005 20120511162831.0
010 _aB-459137
020 _a9788189738242
_c2000.00
035 _aB-459137
037 _adpl
_bAllied Pub /Ven
082 _a759.954
100 _aMajumdar,Manasij
_947353
245 _aClose to events :
_cby Manasij majumdar
_bworks of Bikash Bhattacharjee /
260 _aNew Delhi
_bNiyogi Books
_c2007
270 _aD-78 Okhla Industrial Area phase i
_bNew Delhi
_e110020
300 _a240p
_bcoll,illus
_c32cm(Hb)
942 _2ddc
_cEN
_mMAJ
_h759.954
999 _c66521
_d66521